Catalog

Record Details

Catalog Search



Available copies

  • 1 of 1 copy available at LARL/NWRL Consortium.

Current holds

0 current holds with 1 total copy.

Show Only Available Copies
Location Call Number / Copy Notes Barcode Shelving Location Status Due Date
Grygla LINK Site ya ALV (Text) 35500003258561 Main Available -

Record details

  • ISBN: 0375815449
  • ISBN: 0375915443 (lib. binding)
  • Physical Description: 167 p. : map ; 22 cm.
  • Publisher: New York : Alfred A. Knopf, 2002.

Content descriptions

Summary, etc.:
In the early 1960s in the Dominican Republic, ... Read More
Subject: Dominican Republic > History > 1930-1961 > Juvenile fiction.
Families > Dominican Republic > Juvenile fiction.
Revolutions > Juvenile fiction.
Trujillo Molina, Rafael Leónidas, 1891-1961 > Fiction.
Dominican Republic > Juvenile fiction.
LDR 01403cam a22003138a 4500
00144597
003LARL_NWRL_CONSORTIUM
00520011113164340.0
008011017s2002 nyu c 000 1 eng
020 . ‡a0375815449
020 . ‡a0375915443 (lib. binding)
035 . ‡a(OCoLC)48429165
03500. ‡ilcmarc/BAH-7363/LARLTECH
040 . ‡aDLC ‡cDLC
08200. ‡a[Fic] ‡221
099 . ‡aAlv
1001 . ‡aAlvarez, Julia. ‡0(LARL_NWRL_CONSORTIUM)74964
24510. ‡aBefore we were free / ‡cJulia Alvarez.
260 . ‡aNew York : ‡bAlfred A. Knopf, ‡c2002.
300 . ‡a167 p. : ‡bmap ; ‡c22 cm.
520 . ‡aIn the early 1960s in the Dominican Republic, twelve-year-old Anita learns that her family is involved in the underground movement to end the bloody rule of the dictator, General Trujillo.
651 0. ‡aDominican Republic ‡xHistory ‡y1930-1961 ‡vJuvenile fiction.
650 0. ‡aFamilies ‡zDominican Republic ‡vJuvenile fiction.
650 0. ‡aRevolutions ‡vJuvenile fiction.
60011. ‡aTrujillo Molina, Rafael Leónidas, ‡d1891-1961 ‡vFiction.
651 0. ‡aDominican Republic ‡vJuvenile fiction.
901 . ‡a44597 ‡bOCLC ‡c44597 ‡tbiblio

Additional Resources